On the loose /

Saved in:
Bibliographic Details
Main Author: Stroud, John, 1923-
Format: Book
Language:English
Published: London : Longmans, Green and Co., 1961.
LEADER 00731nam a2200205 a 4500
001 c000083078
003 CARM
005 00000000000000.0
008 910617s1961 enk 00011 eng d
019 1 |a 8099155  |z 27661390  |5 LACONCORD2021 
035 |a (OCoLC)15735095  |5 LACONCORD2021 
040 |a VLINC  |c VLINC 
100 1 |a Stroud, John,  |d 1923- 
245 1 0 |a On the loose /  |c John Stroud. 
260 |a London :  |b Longmans, Green and Co.,  |c 1961. 
300 |a 192 p. ;  |c 20 cm. 
852 8 |b CARM  |h A2:AM16G0  |i A00666  |p 0097899  |f BK 
082 0 4 |a 823.914  |2 20 
999 f f |i 90916200-b056-5485-a708-3f4f1c78f474  |s 75af00b8-db7c-5b15-8950-4b6c09e9c77b 
952 f f |p Can circulate  |a CAVAL  |b CAVAL  |c CAVAL  |d CARM 1 Store  |e A00666  |f A2:AM16G0  |h Other scheme  |i book  |m 0097899